000 01503nam a22003257a 4500
999 _c933
_d933
003 AR-CdUCM
008 190225b ||||| |||| 00| 0 spa d
020 _a10220895
040 _aMUNICIPALIDAD PROVINCIAL DEL CUSCO
_cBIBLIOTECA MUNICIPAL DEL CUSCO
082 _a980 /
_bW22
100 _aWalker, Charles
_91788
245 _aEntre la retorica y la insurgencia :
_blas ideas y los movimientos sociales en los Andes, siglo XVIII /
260 _aCusco :
_bCentro Bartolome de las Casas,
_c1996.
300 _a362 páginas ;
_bCuadros.
_c23 cm.
440 _aEstudios y debates regionales andinos
_n92
_93599
505 _aContenido: La plebe ilustrada: el pueblo en las fronteras de la razón -- Tiranía o buen gobierno: Escolaticismo y criticismo en el Perú del siglo XVIII -- Voces discordantes: discursos alternativos sobre el indio a fines de la colonia -- Españoles patricios y españoles europeos: conflictos intra-elites e identidades en la ciudad de La Paz en vísperas de la independencia 1770-1809 ...
650 _aRebeliones
_93600
650 _aAnde
_93601
650 _aClero
_93602
700 _aEstenssoro Fuchs, Juan Carlos
_93603
700 _aPeralta Ruiz, Víctor
_93289
700 _aBarragán, Rossana
_93604
700 _aHidalgo L., Jorge
_93605
700 _aSerúlnikov, Sergio
_93606
700 _aGarzón Heredia, Emilio
_93607
700 _aSala i Vila, Núria
_93608
700 _aO'phelan Godoy, Scarlett
_9621
942 _2ddc
_cLIBROS
945 _aafb
_d2019-02-25